| 000 | 00799nam a22002051a 4500 | ||
|---|---|---|---|
| 003 | OSt | ||
| 005 | 20150408114031.0 | ||
| 008 | 120509s2011 su o g b 00| 0 ara d | ||
| 020 | _a9786038009178 | ||
| 040 | _aعمادة شؤون المكتبات في جامعة المجمعة | ||
| 082 | 0 | 4 |
_221 _a155.4 _b155.4 د ا أ |
| 100 | 1 |
_aالديولي، أماني إبراهيم _913018 |
|
| 245 | 1 | 0 |
_aدماغ الطفل الإبداعي / _cأماني إبراهيم الديولي. |
| 250 | _aط. 1. | ||
| 260 |
_aالرياض : _bدار عالم الكتب للنشر والتوزيع، _c2011 _c1432. |
||
| 300 |
_a78 ص. : _bصور ؛ _c24 سم. |
||
| 504 | _aببليوجرافية : ص. 76. | ||
| 650 | 7 |
_2aucsh _aالأطفال الموهوبون _xعلم نفس _913019 |
|
| 942 |
_2ddc _cBOOK |
||
| 999 |
_c22894 _d257394 |
||